Evolution des formules de presentation de la presse quotidienne (L') (Record n. 69867)
[ formato base ]
| 000 -LEADER | |
|---|---|
| fixed length control field | 01066nam a2200301Ia 4500 |
| 001 - CONTROL NUMBER | |
| control field | 17763 |
| 003 - CONTROL NUMBER IDENTIFIER | |
| control field | IT-RoPAU |
| 008 - FIXED-LENGTH DATA ELEMENTS--GENERAL INFORMATION | |
| fixed length control field | 130308s9999 xx 000 0 und d |
| 040 ## - CATALOGING SOURCE | |
| Original cataloging agency | IT-RoPAU |
| 040 ## - CATALOGING SOURCE | |
| Transcribing agency | IT-RoPAU |
| 041 ## - LANGUAGE CODE | |
| Language code of text/sound track or separate title | FRANCESE |
| 999 ## - SYSTEM CONTROL NUMBERS (KOHA) | |
| Koha Dewey Subclass [OBSOLETE] | SI |
| 100 ## - MAIN ENTRY--PERSONAL NAME | |
| Personal name | Manevy Raymond |
| 100 ## - MAIN ENTRY--PERSONAL NAME | |
| Miscellaneous information | Codice Aut. SPICS: 4262 |
| 245 ## - TITLE STATEMENT | |
| Title | Evolution des formules de presentation de la presse quotidienne (L') |
| 245 ## - TITLE STATEMENT | |
| Remainder of title | Evolution des Formules de presentation de la Presse quotidienne (L') |
| 250 ## - EDITION STATEMENT | |
| Edition statement | 1a ed. |
| 260 ## - PUBLICATION, DISTRIBUTION, ETC. (IMPRINT) | |
| Place of publication, distribution, etc. | FRANCE |
| 260 ## - PUBLICATION, DISTRIBUTION, ETC. (IMPRINT) | |
| Name of publisher, distributor, etc. | Estienne |
| 260 ## - PUBLICATION, DISTRIBUTION, ETC. (IMPRINT) | |
| Date of publication, distribution, etc. | 1956 [1° Ed.:1956 - Ed.Ling.Originale:1956] |
| 300 ## - PHYSICAL DESCRIPTION | |
| Extent | "134 p. (prefazione: no ; testo: 134)" |
| 500 ## - GENERAL NOTE | |
| General note | Evoluzione delle Formule di presentazione della Stampa Quotidiana Dalla Gazzetta di Renaudot al quotidiano del Xx Secolo conquista del Lettore Trasformazioni della Stampa da una Guerra all'altra Goya Inventore dell'incisione moderna |
| 650 ## - SUBJECT ADDED ENTRY--TOPICAL TERM | |
| Topical term or geographic name as entry element | LINGUAGGIO DELLA STAMPA DI MASSA |
| 650 ## - SUBJECT ADDED ENTRY--TOPICAL TERM | |
| Relator term | Codice materia Spics: 6654 |
| 942 ## - ADDED ENTRY ELEMENTS (KOHA) | |
| Koha item type | LIBRO |
| 957 ## - | |
| -- | 1 |
| 999 ## - SYSTEM CONTROL NUMBERS (KOHA) | |
| -- | 1 |
| Withdrawn status | Lost status | Damaged status | Not for loan | Home library | Current library | Date acquired | Total Checkouts | Full call number | Date last seen | Price effective from | Koha item type | Public note |
|---|---|---|---|---|---|---|---|---|---|---|---|---|
| Buone Condizioni | Not For Loan | SPICS-MEDIATECA | SPICS-MEDIATECA | 08/03/2013 | 17763 | 08/03/2013 | 08/03/2013 | LIBRO | Progressivo inserimento: 28928 / N. Volumi: 1 Copie: 1 Copia Rara: SI / data import: 1 marzo 2013 - By Epidotti, Trombetti, Vaglietti. |